| 000 | 01014nam a22002897a 4500 | ||
|---|---|---|---|
| 001 | 5152 | ||
| 003 | FISKH | ||
| 005 | 20241107155901.0 | ||
| 008 | 241107b cb ||||| |||| 00| 0 eng d | ||
| 020 | _a9780545566391 | ||
| 040 |
_aFISKH _beng _cFISKH _dFISKH |
||
| 050 | _aPZ7.R98147 | ||
| 082 | _a813.6 | ||
| 100 | _aRylander, Chris | ||
| 245 |
_aThe Fourth Stall Part II / _cby Chris Rylander |
||
| 250 | _aFirst Scholatic printing , March 2013 | ||
| 260 |
_aNew York : _bScholastic ; _c2012. |
||
| 300 |
_a281 pages : _billustrations ; _c20 cm . |
||
| 490 | _aThe Fourth StalI | ||
| 505 | _aU | ||
| 520 | _aSix-graders Mac and Vince, who operate an advice and assistance service for fellow students, face new dangers when a strict administrator is hired to clean up the school and a strange and dangerous girl asks for their help to have a teacher fired. | ||
| 521 | 8 |
_a830
_bLexile |
|
| 521 | 8 |
_aU
_bRaz-Plus |
|
| 650 |
_amystery _vfiction |
||
| 942 |
_2ddc _cBK _n0 |
||
| 999 |
_c5152 _d5152 |
||